000 01011nmc a2200301 a 4500
003 AR-BaBNM
005 20251128210721.0
008 211020s1999 ||||||||||||||000 | spa||
020 _a950-641-280-4
040 _cAR-BaBNM
100 1 _aGirard, Kathryn
245 1 0 _aResolución de conflictos en las escuelas
_bmanual para educadores
260 _aBarcelona
_aBuenos Aires
_bGranica
_c1999
300 _a331 p.
_bgráfs.
490 0 _aColección de didáctica
500 _aTirada especial para la Red Federal de Formación Docente Continua. Ministerio de Cultura y Educación de la Nación
500 _aContiene índice temático y onomástico
504 _aContiene referencias bibliográficas
650 4 _aSOLUCION DE CONFLICTOS
650 4 _aACTIVIDADES EN GRUPO
650 4 _aPROCESO DE COMUNICACION
650 4 _aJUEGOS DE SIMULACION
653 _aMEDIACION ESCOLAR
700 1 _aKoch, Susan J.
800 1 _aChavanneau de Gore, Silvia
_edirector
942 _cBK
998 _cRAQUEL
999 _c16581
_d16581